| 000 | 01012nas a2200373 4500 | ||
|---|---|---|---|
| 001 | BR2011002783 | ||
| 003 | BR-BrBNA | ||
| 005 | 20231205114953.0 | ||
| 007 | ta | ||
| 008 | 230509b bl.|||p| |||| 00| 00por d | ||
| 040 |
_aBR-BrBNA _bpor _cBiblioteca Nacional de Agricultura |
||
| 041 | _a(Pt) | ||
| 072 | _aL72; L70 | ||
| 100 | 1 | _aSantos, D.V. | |
| 100 | 1 | _aKohek Júnior, I. | |
| 100 | 1 | _aFacin, D.V. | |
| 100 | 1 | _aVidor, A.C.M. | |
| 245 | 1 | _aAnálise das principais lesões encontradas nos abatedouros registrados na CISPOA | |
| 650 | _aBOVINO | ||
| 650 | _aCAPRINO | ||
| 650 | _aOVINO | ||
| 650 | _aBÚFALO | ||
| 650 | _aSUÍNO | ||
| 650 | _aHIGIENE | ||
| 650 | _aABATEDOURO | ||
| 650 | _aANÁLISE | ||
| 650 | _aLESÃO | ||
| 650 | _aFASCIOLOSE | ||
| 650 | _aVERMINOSE | ||
| 650 | _aCISTICERCOSE | ||
| 773 | 0 |
_tHora Veterinária (Brazil) _xISSN 0101-9163 _g(Sep-Oct 2010), v. 30 (177) p. 24-28 _wBR2011002783 |
|
| 909 |
_a202311 _bLúcia _c55 _dLúcia Elande |
||
| 942 |
_2AGRIS _n0 _cANA |
||
| 999 |
_c211476 _d211476 |
||